000
00454nam a2200145Ia 4500
008
100204s9999 xx 000 0 und d
082
_b
5596
100
_a
आठल्ये अनिल त्रयं.
245
_a
प्रतीक्षा
260
_b
"शकुन प्रकाशन , पुणे 30"
_c
1983
300
_a
206
630
_a
प्रतीक्षा
730
_a
प्रतीक्षा
942
_c
BOOK
999
_c
450166
_d
450163